000
00312nam a2200133Ia 4500
008
191201s2005 xx 000 0 und d
082
_a
005.26
_b
BRI
100
_a
Brey, Barry B
245
4
_a
The Intel Microprocessars
260
_a
N.Delhi
_b
PHI
_c
2005
300
_a
1012
650
_a
B.Tech(CSE)
942
_2
ddc
_c
BK
999
_c
945
_d
945